00250nam a22000617a 4500100004200000245009100042260005500133 aKosgahakumbura, K.N.M. lakmini Navoda aEffect of ascorbic acid on benzoic acid for formation of benzene in carbonated drinks/ aRajagiriya:bInstitute of Chemistry ceylon,c2017.